000
00413nam a22001217a 4500
003
SGT
082
_a
080
_b
M14N
100
_a
नाईक, श्रीपद
245
_a
मधुमेह नियंत्रण के लिए प्रोटोकॉल
260
_b
प्राकृतिक चिकत्सा अनुसंधान परिषद्
_c
2014
300
_a
72
942
_2
ddc
_c
BK
999
_c
31549
_d
31549